LEADER 00773nam a2200193 i 4500 001 000000055870 003 CaOOAMICUS 005 19970716000000.0 008 970716s1973 vc u000 u lat u 013 $a27042 040 $aSeMil$bita 245 10$aSessio publica 4. ; Congregationes Generales 80.-82. 300 $a804 p. 773 0 $tActa Synodalia Sacrosancti Concilii Oecumenici Vaticani 2..$d[In Urbe Vaticani] : Typis Polyglottis Vaticanis, 1970-1999.$gVolumen3$w()514 773 0 $tPeriodus tertia.$gPars1$w()6741 850 $aSeMil 852 $aSeMil$W1$xVenegono$y1$mSL1.Z VI 10$j22024$B22024$CSeMilBibl$Z2$F22026 $8I 961 $aAcquisto: Rimoldi mons. Antonio 996 $6245$aSessio publica 4. ; Congregationes Generales 80.-82$9(OLS)http://semarc/title/86745 LEADER 00818nam a2200217 i 4500 001 000000105184 003 CaOOAMICUS 005 20020212000000.0 008 020212n be u000 u lat u 013 $a77373 040 $aSeMil$bita 245 10$aQ-v. 490 0 $aCorpus Christianorum. Series Latina ;$v161.C 700 1 $aMoeller, Edmond Eugène .$0(OLS)http://semarc/name/89139 773 0 $aMoeller, Edmond Eugène $tCorpus praefationum.$dTurnholti : Brepols, 1980-1981.$w()857 773 0 $tTextus.$w()6899 830 0$aCorpus Christianorum. Series Latina ;$v161.C.$0(OLS)http://semarc/title/37 850 $aSeMil 852 $aSeMil$W1$xVenegono$y1$mSL2.J III 161/C$j61446$B61446$CSeMilBibl$Z2$F70808 $8I 961 $aSottoscrizione: Brepols 996 $6245$aQ-v$9(OLS)http://semarc/title/152317